00253nam a2200097Ia 4500008004100000100003100041245001500072260003300087300000900120650002600129190216s9999||||xx |||||||||||||| ||und|| a"Engel Thomas,Reid Philip" 0aStory Time bUniversity Of Calicutc1994 an88p aEnglish Short Stories